Chartered Quantity Surveyor (Record no. 118981)

MARC details
000 -LEADER
fixed length control field 00793cas a22002295a 4500
001 - CONTROL NUMBER
control field L138379
008 - FIXED-LENGTH DATA ELEMENTS--GENERAL INFORMATION
fixed length control field 070601d19791993xxkmr p 0 a0eng u
035 ## - SYSTEM CONTROL NUMBER
System control number (Sirsi) u138379
041 0# - LANGUAGE CODE
Language code of text/sound track or separate title eng
110 2# - MAIN ENTRY--CORPORATE NAME
Corporate name or jurisdiction name as entry element Royal Institution of Chartered Surveyors
9 (RLIN) 4900
245 00 - TITLE STATEMENT
Title Chartered Quantity Surveyor
260 ## - PUBLICATION, DISTRIBUTION, ETC.
Place of publication, distribution, etc. London
Name of publisher, distributor, etc. RICS
Date of publication, distribution, etc. 1979-1993
362 0# - DATES OF PUBLICATION AND/OR SEQUENTIAL DESIGNATION
Dates of publication and/or sequential designation London: 1(1) January 1979-16(3) November 1993
362 0# - DATES OF PUBLICATION AND/OR SEQUENTIAL DESIGNATION
Dates of publication and/or sequential designation London: 1(1) January 1979-11(11) July 1989; 16(1)-(3) September-November 1993
362 0# - DATES OF PUBLICATION AND/OR SEQUENTIAL DESIGNATION
Dates of publication and/or sequential designation 2(1/2) August/September 1979-9(8) March 1987; 16(1)-(3) September-November 1993 (incomplete holdings)
362 0# - DATES OF PUBLICATION AND/OR SEQUENTIAL DESIGNATION
Dates of publication and/or sequential designation Edinburgh: 1(2) February 1979-1993
554 ## -
-- 12 per year
651 #4 - SUBJECT ADDED ENTRY--GEOGRAPHIC NAME
Geographic name UNITED KINGDOM
690 ## - LOCAL SUBJECT ADDED ENTRY--TOPICAL TERM (OCLC, RLIN)
Topical term or geographic name as entry element ABOUT RICS
785 00 - SUCCEEDING ENTRY
Title Building Economist
942 ## - ADDED ENTRY ELEMENTS (KOHA)
Suppress in OPAC 0
Holdings
Withdrawn status Lost status Source of classification or shelving scheme Damaged status Not for loan Home library Current library Shelving location Date acquired Total Checkouts Full call number Barcode Date last seen Price effective from Koha item type
    Dewey Decimal Classification     London London Gallery 01/06/2007   CHARTERED QUANTITY SURVEYOR 138379-1001 06/08/2019 06/08/2019 Journal
    Dewey Decimal Classification     London London Gallery 13/08/2007   CHARTERED QUANTITY SURVEYOR 138379-1002 06/08/2019 06/08/2019 Journal
    Dewey Decimal Classification     London London Gallery 13/08/2007   CHARTERED QUANTITY SURVEYOR 138379-1003 06/08/2019 06/08/2019 Journal